| 000 | 00538nam a22002057a 4500 | ||
|---|---|---|---|
| 005 | 20260416114419.0 | ||
| 008 | 260416b |||||||| |||| 00| 0 eng d | ||
| 020 |
_a9788190736411 _c895.00 |
||
| 040 | _aMAIN | ||
| 041 | _aEnglish | ||
| 082 |
_a005.133 _bSHU |
||
| 100 |
_aShukla, Amal Shankar _926616 |
||
| 245 | _aComputer Concept Programming In C | ||
| 260 |
_aDelhi _bA.B. Publishers _c2025 |
||
| 300 | _a661 | ||
| 650 | _aComputer Science | ||
| 700 |
_aGaur, Navneet K. _926617 |
||
| 700 |
_aGaur, Madhu _926618 |
||
| 942 | _cBK | ||
| 999 |
_c60622 _d60622 |
||